000 00520nam a22001937a 4500
005 20260421153947.0
008 260421b |||||||| |||| 00| 0 eng d
020 _a978-81-312-0393-4
082 _a616.01
_bMED
100 _aT. J. Mackie
245 _aMackie & McCartney Practical Medical Microbiology
250 _a14th.ed
260 _aIndia :
_bElsevier ;
_c2011 .
300 _axiv, 978 p. :
500 _aInclude Index.
650 _aMedical / Microbiology
700 _aCollee,J.G (Editor)
999 _c37127
_d37127